Coffee as an intercrop in mature rubber plantation (Record no. 55818)

MARC details
000 -LEADER
fixed length control field 00487nam a2200145Ia 4500
100 ## - MAIN ENTRY--AUTHOR NAME
Personal name George S
245 #0 - TITLE STATEMENT
Title Coffee as an intercrop in mature rubber plantation
260 ## - PUBLICATION, DISTRIBUTION, ETC. (IMPRINT)
Name of publisher Proceedings of the Fourth Indian Biodiversity Congress, 10-12 March 2017, Pondichery University, Puducherry, India. p.280.
650 ## - SUBJECT ADDED ENTRY--TOPICAL TERM
Topical Term Coffee
650 ## - SUBJECT ADDED ENTRY--TOPICAL TERM
Topical Term Intercrop
700 ## - ADDED ENTRY--PERSONAL NAME
Personal name Joseph P
856 ## - ELECTRONIC LOCATION AND ACCESS
Uniform Resource Identifier Bibliographic details only from author
942 ## - ADDED ENTRY ELEMENTS (KOHA)
Koha item type Journals
Holdings
Withdrawn status Lost status Damaged status Not for loan Home library Current library Shelving location Date acquired Koha item type
      Journals RRII Library RRII Library Agronomy 01/01/2021 Journals